Modern trailblazers / (Record no. 96449)

MARC details
000 -LEADER
fixed length control field 00575nam a22001937a 4500
005 - DATE AND TIME OF LATEST TRANSACTION
control field 20151019111205.0
010 ## - LCCN (DPL NO)
LC control number ENG-113887
020 ## - INTERNATIONAL STANDARD BOOK NUMBER
International Standard Book Number 9788125051947
Terms of availability 75.00
035 ## - SYSTEM CONTROL NUMBER
System control number EN-97419
037 ## - SOURCE OF ACQUISITION
Source of stock number/acquisition DBAD/PUB
082 ## - DEWEY DECIMAL CLASSIFICATION NUMBER
Classification number 338.04092254
100 ## - MAIN ENTRY--PERSONAL NAME
Personal name Dhote, Akshay V.
245 ## - TITLE STATEMENT
Title Modern trailblazers /
Statement of responsibility, etc by Akshay V. Dhote [and] Hitendra B. Dhote
260 ## - PUBLICATION, DISTRIBUTION, ETC. (IMPRINT)
Place of publication, distribution, etc Chennai
Name of publisher, distributor, etc Orient BlackSwan
Date of publication, distribution, etc 2013
270 ## - ADDRESS
Address 160 Anna Salai,
City Chennai
Postal code 600002
300 ## - PHYSICAL DESCRIPTION
Extent vi,115p.
Dimensions 22cm(pbk)
700 ## - ADDED ENTRY--PERSONAL NAME
Personal name Dhote B. Hitendra
942 ## - ADDED ENTRY ELEMENTS (KOHA)
Source of classification or shelving scheme Dewey Decimal Classification
Item type English Books
Call number suffix DHO
Classification part 338.04092254
Holdings
Withdrawn status Lost status Not for loan Collection code Home library Current library Date acquired Source of acquisition Cost, normal purchase price Full call number Barcode Copy number Cost, replacement price Koha item type
    Not For Loan Non-fiction D.B.Act.Division D.B.Act.Division 25/08/2015 DBAD/PUB 75.00 338.04092254 DHO EN-97419 1 75.00 English Books

© Delhi Public Library
Hit Counter
free hit counter